[Event "DVM U20w 2023"]
[Site "Magdeburg GER"]
[Date "2023.12.28"]
[Round "3"]
[White "Richter, Anastasia"]
[Black "Bangsa-Giesen, Citra"]
[Result "0-1"]
[Termination "normal"]
[Board "3.4"]
[WhiteElo "1353"]
[BlackElo "1469"]
[WhiteClock "00:01:06"]
[BlackClock "00:08:35"]
[WhiteTeam "SV Königsjäger Süd-West"]
[BlackTeam "SK Kelheim 1920"]
[PlyCount "78"]
[WhiteFideId "34659099"]
[BlackFideId "34605274"]
[EventCountry "GER"]
[EventRounds "7"]
[EventType "team-swiss"]
[EventDate "2023.12.26"]

1. e4 {[%clk 01:30:56]} {[%emt 00:00:04]} c5 {[%clk 01:30:54]} {[%emt
00:00:06]} 2. Nf3 {[%clk 01:31:20]} {[%emt 00:00:05]} d6 {[%clk 01:31:14]}
{[%emt 00:00:11]} 3. d4 {[%clk 01:31:45]} {[%emt 00:00:05]} cxd4 {[%clk
01:31:33]} {[%emt 00:00:10]} 4. Qxd4 {[%clk 01:32:09]} {[%emt 00:00:07]} Nc6
{[%clk 01:31:53]} {[%emt 00:00:10]} 5. Bb5 {[%clk 01:32:31]} {[%emt 00:00:07]}
Bd7 {[%clk 01:31:44]} {[%emt 00:00:39]} 6. Bxc6 {[%clk 01:32:50]} {[%emt
00:00:11]} Bxc6 {[%clk 01:32:02]} {[%emt 00:00:13]} 7. Nc3 {[%clk 01:33:07]}
{[%emt 00:00:12]} Nf6 {[%clk 01:30:37]} {[%emt 00:01:56]} 8. Bg5 {[%clk
01:33:22]} {[%emt 00:00:13]} Qa5 {[%clk 01:27:47]} {[%emt 00:03:21]} 9. O-O-O
{[%clk 01:25:57]} {[%emt 00:07:54]} h6 {[%clk 01:24:15]} {[%emt 00:04:04]} 10.
Bxf6 {[%clk 01:19:52]} {[%emt 00:06:34]} gxf6 {[%clk 01:24:23]} {[%emt
00:00:23]} 11. Kb1 {[%clk 01:18:08]} {[%emt 00:02:12]} Rg8 {[%clk 01:23:30]}
{[%emt 00:01:25]} 12. g3 {[%clk 01:10:52]} {[%emt 00:07:46]} Bg7 {[%clk
01:23:32]} {[%emt 00:00:28]} 13. Qe3 {[%clk 00:57:35]} {[%emt 00:13:45]} f5
{[%clk 01:06:53]} {[%emt 00:17:11]} 14. Nd4 {[%clk 00:48:48]} {[%emt 00:09:10]}
fxe4 {[%clk 01:04:05]} {[%emt 00:03:25]} 15. Nxe4 {[%clk 00:44:28]} {[%emt
00:04:47]} Kd7 {[%clk 00:52:33]} {[%emt 00:12:05]} 16. Nxc6 {[%clk 00:22:11]}
{[%emt 00:22:46]} Kxc6 {[%clk 00:45:31]} {[%emt 00:07:32]} 17. Qb3 {[%clk
00:15:39]} {[%emt 00:06:59]} Qb5 {[%emt 00:11:30]} 18. Rd3 {[%clk 00:11:36]}
{[%emt 00:04:22]} Qxb3 {[%clk 00:32:05]} {[%emt 00:03:10]} 19. cxb3 {[%clk
00:11:51]} {[%emt 00:00:15]} b6 {[%emt 00:01:47]} 20. Rf3 {[%clk 00:05:51]}
{[%emt 00:05:10]} Rgf8 {[%clk 00:28:54]} {[%emt 00:03:45]} 21. Rc1+ {[%clk
00:05:31]} {[%emt 00:00:49]} Kd7 {[%clk 00:28:47]} {[%emt 00:00:38]} 22. Nc3
{[%clk 00:02:01]} {[%emt 00:03:59]} Rac8 {[%clk 00:26:27]} {[%emt 00:02:50]}
23. Rd3 {[%clk 00:01:12]} {[%emt 00:01:19]} Rc5 {[%clk 00:24:59]} {[%emt
00:01:58]} 24. Rdd1 {[%clk 00:00:43]} {[%emt 00:00:59]} Rfc8 {[%clk 00:20:10]}
{[%emt 00:05:19]} 25. Ne4 {[%clk 00:00:42]} {[%emt 00:00:32]} Rxc1+ {[%clk
00:19:15]} 26. Rxc1 {[%clk 00:01:10]} {[%emt 00:01:27]} Rxc1+ {[%clk 00:18:33]}
27. Kxc1 {[%clk 00:01:39]} {[%emt 00:01:13]} d5 {[%clk 00:18:34]} 28. Nc3
{[%clk 00:01:39]} {[%emt 00:00:57]} d4 {[%clk 00:17:46]} 29. Ne2 {[%clk
00:01:50]} {[%emt 00:01:36]} e5 {[%clk 00:17:26]} 30. f3 {[%clk 00:01:32]}
{[%emt 00:01:40]} f5 {[%clk 00:16:56]} 31. Kd2 {[%clk 00:01:14]} {[%emt
00:01:48]} e4 {[%clk 00:15:30]} 32. fxe4 {[%clk 00:01:30]} {[%emt 00:02:10]}
fxe4 {[%clk 00:15:51]} 33. h3 {[%clk 00:01:22]} {[%emt 00:00:45]} Kd6 {[%clk
00:15:21]} 34. a3 {[%clk 00:00:50]} {[%emt 00:02:04]} Be5 {[%clk 00:12:27]}
{[%emt 00:03:24]} 35. b4 {[%clk 00:00:50]} {[%emt 00:00:30]} Kd5 {[%clk
00:09:22]} {[%emt 00:03:36]} 36. b3 {[%clk 00:01:03]} {[%emt 00:00:17]} a6
{[%clk 00:08:12]} {[%emt 00:01:39]} 37. a4 {[%clk 00:00:49]} {[%emt 00:00:45]}
d3 {[%emt 00:00:50]} 38. Nf4+ {[%clk 00:00:38]} {[%emt 00:00:40]} Bxf4+ 39.
gxf4 {[%clk 00:01:06]} Kd4 {[%clk 00:08:35]} {[%emt 00:00:07]} 0-1

[Event "DVM U20w 2023"]
[Site "Magdeburg GER"]
[Date "2023.12.28"]
[Round "3"]
[White "Adelhardt, Lisa"]
[Black "Buchholz, Maja Patricia"]
[Result "0-1"]
[Termination "normal"]
[Board "4.1"]
[WhiteElo "1701"]
[BlackElo "1945"]
[WhiteClock "00:00:33"]
[BlackClock "00:05:33"]
[WhiteTeam "SC Garching 1980"]
[BlackTeam "VSG 1880 Offenbach"]
[PlyCount "56"]
[WhiteFideId "16235380"]
[BlackFideId "16200500"]
[EventCountry "GER"]
[EventRounds "7"]
[EventType "team-swiss"]
[EventDate "2023.12.26"]

1. e4 {[%clk 01:30:44]} {[%emt 00:00:15]} e6 {[%clk 01:30:48]} {[%emt
00:00:13]} 2. d4 {[%clk 01:30:54]} {[%emt 00:00:20]} d5 {[%clk 01:31:06]}
{[%emt 00:00:11]} 3. Nd2 {[%clk 01:30:11]} {[%emt 00:01:13]} Be7 {[%clk
01:31:10]} {[%emt 00:00:26]} 4. c3 {[%clk 01:28:31]} {[%emt 00:02:10]} c5
{[%clk 01:31:17]} {[%emt 00:00:24]} 5. Ngf3 {[%clk 01:23:53]} {[%emt 00:05:08]}
Nf6 {[%clk 01:27:33]} {[%emt 00:04:14]} 6. Bd3 {[%clk 01:19:37]} {[%emt
00:04:45]} O-O {[%clk 01:19:17]} {[%emt 00:08:46]} 7. O-O {[%clk 01:16:23]}
{[%emt 00:03:45]} dxe4 {[%clk 01:05:38]} {[%emt 00:14:09]} 8. Nxe4 {[%clk
01:12:25]} {[%emt 00:04:28]} Nxe4 {[%clk 01:03:48]} {[%emt 00:02:20]} 9. Bxe4
{[%clk 01:12:16]} {[%emt 00:00:38]} Nd7 {[%clk 01:03:49]} {[%emt 00:00:30]} 10.
Bc2 {[%clk 01:07:14]} {[%emt 00:05:31]} h6 {[%clk 01:01:03]} {[%emt 00:03:16]}
11. Be3 {[%clk 01:03:02]} {[%emt 00:04:42]} Qb6 {[%clk 00:58:10]} {[%emt
00:03:24]} 12. Qd2 {[%clk 00:58:25]} {[%emt 00:05:06]} Rd8 {[%clk 00:56:52]}
{[%emt 00:01:49]} 13. b3 {[%clk 00:57:15]} {[%emt 00:01:39]} Nf6 {[%clk
00:53:56]} {[%emt 00:03:26]} 14. Bxh6 {[%clk 00:42:33]} {[%emt 00:15:12]} gxh6
{[%clk 00:26:30]} {[%emt 00:27:57]} 15. Qxh6 {[%clk 00:42:26]} {[%emt
00:00:36]} cxd4 {[%clk 00:21:52]} {[%emt 00:05:09]} 16. Bg6 {[%clk 00:31:17]}
{[%emt 00:11:38]} Rd5 {[%clk 00:16:33]} {[%emt 00:05:49]} 17. Ng5 {[%clk
00:15:35]} {[%emt 00:16:12]} Rxg5 {[%clk 00:16:09]} {[%emt 00:00:55]} 18. Qxg5
{[%clk 00:15:30]} {[%emt 00:00:35]} fxg6 {[%clk 00:13:21]} {[%emt 00:03:18]}
19. Qxg6+ {[%clk 00:15:34]} {[%emt 00:00:26]} Kf8 {[%clk 00:13:29]} {[%emt
00:00:22]} 20. h4 {[%clk 00:13:45]} {[%emt 00:02:18]} e5 {[%clk 00:11:38]}
{[%emt 00:02:22]} 21. Rae1 {[%clk 00:10:00]} {[%emt 00:04:15]} Nd7 {[%clk
00:08:30]} {[%emt 00:03:38]} 22. Qh7 {[%clk 00:08:35]} {[%emt 00:01:54]} Qf6
{[%clk 00:07:58]} {[%emt 00:01:02]} 23. f4 {[%clk 00:07:03]} {[%emt 00:02:03]}
exf4 {[%clk 00:06:05]} {[%emt 00:02:23]} 24. Rxf4 {[%clk 00:01:05]} {[%emt
00:06:28]} Qxf4 {[%clk 00:05:51]} {[%emt 00:00:45]} 25. Qxe7+ {[%clk 00:00:39]}
{[%emt 00:00:55]} Kg8 {[%clk 00:06:14]} {[%emt 00:00:06]} 26. Qe8+ {[%clk
00:00:33]} {[%emt 00:00:37]} Nf8 {[%clk 00:05:54]} {[%emt 00:00:50]} 27. cxd4
{[%clk 00:00:32]} {[%emt 00:00:31]} Qxd4+ {[%clk 00:06:04]} {[%emt 00:00:19]}
28. Re3 {[%clk 00:00:33]} {[%emt 00:00:30]} Be6 {[%clk 00:05:33]} {[%emt
00:01:02]} 0-1

[Event "DVM U20w 2023"]
[Site "Magdeburg GER"]
[Date "2023.12.28"]
[Round "3"]
[White "Werner, Rosalie"]
[Black "Alferova, Emily"]
[Result "1-0"]
[Termination "normal"]
[Board "4.2"]
[WhiteElo "1771"]
[BlackElo "1589"]
[WhiteClock "00:10:38"]
[BlackClock "00:00:33"]
[WhiteTeam "VSG 1880 Offenbach"]
[BlackTeam "SC Garching 1980"]
[PlyCount "81"]
[WhiteFideId "16223748"]
[BlackFideId "16265904"]
[EventCountry "GER"]
[EventRounds "7"]
[EventType "team-swiss"]
[EventDate "2023.12.26"]

1. e4 {[%clk 01:30:57]} {[%emt 00:00:03]} e5 {[%clk 01:30:51]} {[%emt
00:00:09]} 2. Nf3 {[%clk 01:31:20]} {[%emt 00:00:07]} Nc6 {[%clk 01:31:15]}
{[%emt 00:00:05]} 3. Bc4 {[%clk 01:31:45]} {[%emt 00:00:05]} Bc5 {[%clk
01:31:29]} {[%emt 00:00:16]} 4. c3 {[%clk 01:32:07]} {[%emt 00:00:08]} Nf6
{[%clk 01:31:50]} {[%emt 00:00:09]} 5. d3 {[%clk 01:32:30]} {[%emt 00:00:08]}
d6 {[%clk 01:30:48]} {[%emt 00:01:31]} 6. O-O {[%clk 01:32:49]} {[%emt
00:00:13]} h6 {[%clk 01:31:01]} {[%emt 00:00:16]} 7. Re1 {[%clk 01:32:33]}
{[%emt 00:00:46]} O-O {[%clk 01:29:41]} {[%emt 00:01:50]} 8. h3 {[%clk
01:31:25]} {[%emt 00:01:39]} a6 {[%clk 01:25:07]} {[%emt 00:05:03]} 9. a4
{[%clk 01:31:44]} {[%emt 00:00:12]} Be6 {[%clk 01:21:16]} {[%emt 00:04:20]} 10.
Bxe6 {[%clk 01:29:45]} {[%emt 00:02:28]} fxe6 {[%clk 01:18:30]} {[%emt
00:03:16]} 11. Nbd2 {[%clk 01:25:26]} {[%emt 00:04:49]} Qe8 {[%clk 01:08:41]}
{[%emt 00:10:19]} 12. Nf1 {[%clk 01:20:39]} {[%emt 00:05:18]} Qg6 {[%clk
00:50:21]} {[%emt 00:18:50]} 13. Be3 {[%clk 01:19:23]} {[%emt 00:01:45]} Bxe3
{[%clk 00:49:11]} {[%emt 00:01:41]} 14. Rxe3 {[%clk 01:18:58]} {[%emt
00:00:55]} Nh5 {[%clk 00:41:03]} {[%emt 00:08:38]} 15. Kh2 {[%clk 01:18:19]}
{[%emt 00:01:09]} Rf7 {[%clk 00:30:42]} {[%emt 00:10:52]} 16. b4 {[%clk
01:15:20]} {[%emt 00:03:28]} Raf8 {[%clk 00:26:21]} {[%emt 00:04:51]} 17. Ra2
{[%clk 01:12:09]} {[%emt 00:03:41]} Nf4 {[%clk 00:22:11]} {[%emt 00:04:41]} 18.
g3 {[%clk 01:11:46]} {[%emt 00:00:52]} Qh5 {[%clk 00:09:28]} {[%emt 00:13:13]}
19. gxf4 {[%clk 01:04:16]} {[%emt 00:08:01]} Rxf4 {[%clk 00:05:56]} {[%emt
00:04:01]} 20. Ng3 {[%clk 01:02:54]} {[%emt 00:01:51]} Qf7 {[%clk 00:05:01]}
{[%emt 00:01:25]} 21. Kg2 {[%clk 01:01:49]} {[%emt 00:01:36]} d5 {[%clk
00:04:59]} {[%emt 00:00:32]} 22. d4 {[%clk 00:42:57]} {[%emt 00:19:22]} exd4
{[%clk 00:04:12]} {[%emt 00:01:17]} 23. cxd4 {[%clk 00:43:15]} {[%emt
00:00:12]} dxe4 {[%clk 00:01:57]} {[%emt 00:02:46]} 24. Nxe4 {[%clk 00:42:08]}
{[%emt 00:01:36]} Qf5 {[%clk 00:00:39]} {[%emt 00:01:48]} 25. Ng3 {[%clk
00:41:17]} {[%emt 00:01:20]} Qd5 {[%clk 00:00:35]} {[%emt 00:00:34]} 26. Qb3
{[%clk 00:40:24]} {[%emt 00:01:23]} Qd8 {[%clk 00:00:32]} {[%emt 00:00:34]} 27.
Qxe6+ {[%clk 00:38:43]} {[%emt 00:02:11]} Kh8 {[%clk 00:00:53]} {[%emt
00:00:09]} 28. Rd2 {[%clk 00:26:54]} {[%emt 00:12:19]} Nxb4 {[%clk 00:00:36]}
{[%emt 00:00:48]} 29. Ne5 {[%clk 00:25:18]} {[%emt 00:02:05]} R4f6 {[%clk
00:00:35]} {[%emt 00:00:31]} 30. Ng6+ {[%clk 00:25:13]} {[%emt 00:00:35]} Rxg6
{[%clk 00:00:33]} {[%emt 00:00:31]} 31. Qxg6 {[%clk 00:25:35]} {[%emt
00:00:08]} Nd5 {[%clk 00:00:46]} {[%emt 00:00:17]} 32. Nh5 {[%clk 00:21:53]}
{[%emt 00:04:12]} Nxe3+ {[%clk 00:00:45]} {[%emt 00:00:32]} 33. fxe3 {[%clk
00:22:06]} {[%emt 00:00:16]} Qd5+ {[%clk 00:00:37]} {[%emt 00:00:38]} 34. e4
{[%clk 00:22:08]} {[%emt 00:00:28]} Qd7 {[%clk 00:00:34]} {[%emt 00:00:34]} 35.
Qg4 {[%clk 00:20:02]} {[%emt 00:02:36]} Qf7 {[%clk 00:00:38]} {[%emt 00:00:26]}
36. Ng3 {[%clk 00:13:21]} {[%emt 00:07:10]} Qb3 {[%clk 00:00:35]} {[%emt
00:00:34]} 37. Nf5 {[%clk 00:12:17]} {[%emt 00:01:33]} Qf7 {[%clk 00:00:37]}
{[%emt 00:00:28]} 38. Kh2 {[%clk 00:11:00]} {[%emt 00:01:48]} h5 {[%clk
00:00:34]} {[%emt 00:00:33]} 39. Qg5 {[%clk 00:10:19]} {[%emt 00:01:08]} g6
{[%clk 00:00:34]} {[%emt 00:00:32]} 40. Qh6+ {[%clk 00:10:14]} {[%emt
00:00:36]} Qh7 {[%clk 00:00:33]} {[%emt 00:00:32]} 41. Qxf8+ {[%clk 00:10:38]}
{[%emt 00:00:05]} 1-0

[Event "DVM U20w 2023"]
[Site "Magdeburg GER"]
[Date "2023.12.28"]
[Round "3"]
[White "Frowein, Jamie"]
[Black "Neininger, Sarah"]
[Result "1-0"]
[Termination "normal"]
[Board "4.3"]
[WhiteElo "1430"]
[BlackElo "1611"]
[WhiteClock "00:05:41"]
[BlackClock "00:06:58"]
[WhiteTeam "SC Garching 1980"]
[BlackTeam "VSG 1880 Offenbach"]
[PlyCount "81"]
[WhiteFideId "16282949"]
[BlackFideId "16287410"]
[EventCountry "GER"]
[EventRounds "7"]
[EventType "team-swiss"]
[EventDate "2023.12.26"]

1. c4 {[%clk 01:30:56]} {[%emt 00:00:03]} c5 {[%clk 01:30:49]} {[%emt
00:00:12]} 2. Nf3 {[%clk 01:31:20]} {[%emt 00:00:06]} Nf6 {[%clk 01:31:10]}
{[%emt 00:00:10]} 3. Nc3 {[%clk 01:31:44]} {[%emt 00:00:05]} d5 {[%clk
01:31:31]} {[%emt 00:00:09]} 4. cxd5 {[%clk 01:32:06]} {[%emt 00:00:08]} Nxd5
{[%clk 01:31:50]} {[%emt 00:00:10]} 5. e3 {[%clk 01:32:12]} {[%emt 00:00:25]}
e6 {[%clk 01:32:03]} {[%emt 00:00:17]} 6. Be2 {[%clk 01:24:06]} {[%emt
00:08:36]} Be7 {[%clk 01:29:27]} {[%emt 00:03:06]} 7. O-O {[%clk 01:23:45]}
{[%emt 00:00:50]} O-O {[%clk 01:29:05]} {[%emt 00:00:52]} 8. d4 {[%clk
01:21:27]} {[%emt 00:02:49]} Nc6 {[%clk 01:20:08]} {[%emt 00:09:27]} 9. a3
{[%clk 01:08:31]} {[%emt 00:13:26]} Bf6 {[%clk 01:11:42]} {[%emt 00:08:55]} 10.
Ne4 {[%clk 01:02:19]} {[%emt 00:06:43]} cxd4 {[%clk 01:08:50]} {[%emt
00:03:22]} 11. Nxf6+ {[%clk 01:00:40]} {[%emt 00:02:08]} Qxf6 {[%clk 01:05:00]}
{[%emt 00:04:20]} 12. Nxd4 {[%clk 00:56:12]} {[%emt 00:04:58]} Nxd4 {[%clk
01:04:09]} {[%emt 00:01:22]} 13. Qxd4 {[%clk 00:55:15]} {[%emt 00:01:27]} Qxd4
{[%clk 01:02:38]} {[%emt 00:02:02]} 14. exd4 {[%clk 00:55:33]} {[%emt
00:00:11]} Rd8 {[%clk 01:02:19]} {[%emt 00:00:49]} 15. Rd1 {[%clk 00:54:43]}
{[%emt 00:01:20]} b6 {[%clk 01:00:16]} {[%emt 00:02:33]} 16. Bg5 {[%clk
00:48:02]} {[%emt 00:07:10]} f6 {[%clk 00:52:06]} {[%emt 00:08:41]} 17. Bh4
{[%clk 00:43:00]} {[%emt 00:05:32]} Bb7 {[%clk 00:51:11]} {[%emt 00:01:25]} 18.
Bg4 {[%clk 00:36:53]} {[%emt 00:06:36]} Kf8 {[%clk 00:39:09]} {[%emt 00:12:31]}
19. Bg3 {[%clk 00:31:37]} {[%emt 00:05:48]} Rac8 {[%clk 00:33:37]} {[%emt
00:06:02]} 20. Rac1 {[%clk 00:28:41]} {[%emt 00:03:25]} Rxc1 {[%clk 00:28:46]}
{[%emt 00:05:21]} 21. Rxc1 {[%clk 00:29:04]} {[%emt 00:00:07]} Rc8 {[%clk
00:28:24]} {[%emt 00:00:52]} 22. Re1 {[%clk 00:25:43]} {[%emt 00:03:51]} Rc2
{[%clk 00:20:20]} {[%emt 00:08:34]} 23. Bd6+ {[%clk 00:24:25]} {[%emt
00:01:48]} Kf7 {[%clk 00:16:45]} {[%emt 00:04:06]} 24. Bxe6+ {[%clk 00:22:24]}
{[%emt 00:02:31]} Kg6 {[%clk 00:17:05]} {[%emt 00:00:09]} 25. b4 {[%clk
00:19:17]} {[%emt 00:03:38]} Rd2 {[%clk 00:17:10]} {[%emt 00:00:24]} 26. h3
{[%clk 00:17:03]} {[%emt 00:02:45]} Rxd4 {[%clk 00:17:14]} {[%emt 00:00:25]}
27. Bg4 {[%clk 00:15:34]} {[%emt 00:01:59]} Nc3 {[%clk 00:14:46]} {[%emt
00:02:58]} 28. Bb8 {[%clk 00:14:28]} {[%emt 00:01:36]} Nb5 {[%clk 00:15:00]}
{[%emt 00:00:17]} 29. Re7 {[%clk 00:13:17]} {[%emt 00:01:41]} Be4 {[%clk
00:13:38]} {[%emt 00:01:50]} 30. Bxa7 {[%clk 00:11:57]} {[%emt 00:01:52]} Nxa3
{[%clk 00:12:16]} {[%emt 00:01:52]} 31. Bxb6 {[%clk 00:11:32]} {[%emt
00:00:56]} Rc4 {[%clk 00:10:23]} {[%emt 00:02:22]} 32. Bc5 {[%clk 00:10:49]}
{[%emt 00:01:13]} Bc6 {[%clk 00:09:06]} {[%emt 00:01:43]} 33. Be6 {[%clk
00:09:15]} {[%emt 00:02:08]} Rc1+ {[%clk 00:08:50]} {[%emt 00:00:47]} 34. Kh2
{[%clk 00:09:38]} {[%emt 00:00:06]} Nc4 {[%clk 00:07:50]} {[%emt 00:01:27]} 35.
Bf7+ {[%clk 00:09:22]} {[%emt 00:00:49]} Kf5 {[%clk 00:06:57]} {[%emt
00:01:22]} 36. Be6+ {[%clk 00:08:34]} {[%emt 00:01:19]} Kg6 {[%clk 00:07:19]}
{[%emt 00:00:08]} 37. Rc7 {[%clk 00:07:54]} {[%emt 00:01:11]} Bb5 {[%clk
00:07:13]} {[%emt 00:00:35]} 38. Be3 {[%clk 00:06:28]} {[%emt 00:01:55]} Rc2
{[%clk 00:07:12]} {[%emt 00:00:31]} 39. Bf7+ {[%clk 00:06:49]} {[%emt
00:00:10]} Kf5 {[%clk 00:07:28]} {[%emt 00:00:12]} 40. Rc5+ {[%clk 00:07:05]}
{[%emt 00:00:16]} Ke4 {[%clk 00:06:58]} {[%emt 00:01:00]} 41. Bd5+ {[%clk
00:05:41]} {[%emt 00:01:54]} 1-0